La familia en la alta Edad Media española
Tallennettuna:
| Päätekijä: | |
|---|---|
| Aineistotyyppi: | Kirja |
| Kieli: | espanja |
| Julkaistu: |
Pamplona
Universidad de Navarra
1980
|
| Aiheet: | |
| Tagit: |
Lisää tagi
Ei tageja, Lisää ensimmäinen tagi!
|
MARC
| LEADER | 00000nam a2200000 a 4500 | ||
|---|---|---|---|
| 001 | UCY4290 | ||
| 003 | CL-VaPUC | ||
| 008 | 950308e19800000SP |||||||||||||||||spa|d | ||
| 082 | 0 | 4 | |a 346.015 |b MON |2 21 |
| 100 | |a Montanos Ferrín, Emma |e autora |9 547222 | ||
| 245 | 1 | 3 | |a La familia en la alta Edad Media española |
| 300 | |a 368 p | ||
| 942 | |c BK | ||
| 945 | |d 19950308 00:00:00 |a aalvarez | ||
| 260 | |a Pamplona |b Universidad de Navarra |c 1980 | ||
| 650 | 0 | |a Derecho de familia |9 255603 | |
| 650 | 0 | |a Familias |9 255641 | |
| 650 | 7 | |a HISTORIA SIGLOS 15-19 |2 CL-VaPUC |9 317362 | |
| 651 | 0 | |a España |9 254926 | |
| 583 | |a last modification |c 19950308 00:00:00 |k Rodrigo Vera | ||
| 999 | |c 232190 |d 232188 | ||
| 952 | |0 0 |1 0 |4 0 |6 346_015000000000000_MON_1980 |7 0 |8 DER_HIS |9 236281 |a BIBDER |b BIBDER |d 2019-11-15 |i 3062023 |o 346.015 MON 1980 |p 3062023 |r 2023-01-25 |w 2019-11-15 |x Ubicación 4to Piso |y BK |z Estos recursos deben solicitarse con anticipación |k DER | ||